00824cam a2200265 ib4500001001100000003000700011005001700018008004100035020003800076040002000114042000900134100001400143245007100157246003900228246004100267260006200308300003500370490001900405500003500424650001900459650002500478650002200503700001400525830001900539b23468002 YEEZEN20260311133855.0251119s2025 ch ak g 000 0 chi d a9786267591185q(平裝) :cNT$400 aPCCUbchicPCCU anbic0 a伊莎貝10a疲勞世代 :b找回身心能量的關鍵8堂課 /c伊莎貝著10a找回身心能量的關鍵8堂課13a找回身心能量的關鍵八堂課 a新北市 :b好人出版 :b遠足文化發行,c2025.03 a302面 :b圖, 表 ;c21公分1 ai生活 ;v46. a版權頁誤題作者伊沙貝 7a疲勞2lcstt. 7a生活指導2lcstt. 7a健康法2lcstt.0 a伊沙貝 0ai生活 ;v46.